000 00532nam a2200217Ia 4500
003 OSt
005 20220924151656.0
006 a|||||r|||| 00| 0
007 ta
008 220923b |||||||| |||| 00| 0 tel d
024 _a338620
037 _cTextual
040 _aARTS
_cARTS
_btel
041 _2tel
_atel
082 _aQ2216:4173, 35L1
245 0 _aSri Krishna sahasra naama stotram
260 _c1971
650 _aRELIGION
942 _hQ2216:4173, 35L1
_cTEXL
_2CC
999 _c467333
_d467333